Central Library OPAC University of Rajshahi

Fieldwork training in social work / (Record no. 60164)

MARC details
000 -LEADER
fixed length control field 00714nam a2200229 a 4500
001 - CONTROL NUMBER
control field 60164
003 - CONTROL NUMBER IDENTIFIER
rucl marc code BD-RjUL
005 - DATE AND TIME OF LATEST TRANSACTION
control field 20211209080818.0
008 - FIXED-LENGTH DATA ELEMENTS--GENERAL INFORMATION
fixed length control field 161228s2001 ii 000 0 und d
035 ## - SYSTEM CONTROL NUMBER
System control number BD-RjUL60288
040 ## - CATALOGING SOURCE
Original cataloging agency EQO
Transcribing agency EQO
Language of cataloging eng
Modifying agency BD-RjUL
041 ## - LANGUAGE CODE
Language code of text/sound track or separate title eng
082 ## - DEWEY DECIMAL CLASSIFICATION NUMBER
Edition number 23
Classification number 361.30954
Author mark and year SUF 2001
100 10 - MAIN ENTRY--PERSONAL NAME
Personal name Subhedar, I. S.
9 (RLIN) 179108
245 10 - TITLE STATEMENT
Title Fieldwork training in social work /
Statement of responsibility, etc. I. S. Subhedar
260 ## - PUBLICATION, DISTRIBUTION, ETC. (IMPRINT)
Place of publication, distribution, etc. Jaipur ; India :
Name of publisher, distributor, etc. Rawat Pub. ,
Date of publication, distribution, etc. 2001 [Reprit 2016]
300 ## - PHYSICAL DESCRIPTION
Pagination 275 p :
Illustrations forms ;
Size 23 cm
490 1# - SERIES STATEMENT
Series statement Nat. inst. for soc. work training ser
700 1# - ADDED ENTRY--PERSONAL NAME
Personal name Sainsbury, Eric,
Dates associated with a name 1925-2014.
830 #0 - SERIES ADDED ENTRY--UNIFORM TITLE
Uniform title Nat. inst. for soc. work training ser
942 ## - ADDED ENTRY ELEMENTS (KOHA)
Source of classification or shelving scheme Dewey Decimal Classification
Koha item type Books
Holdings
Lost status Source of classification or shelving scheme Damaged status Not for loan Collection code Permanent Location Current Location Shelving location Date acquired Source of acquisition Cost, normal purchase price Total Checkouts Full call number Date last seen Copy number Koha item type Date checked out
  Dewey Decimal Classification   Not For Loan Non-fiction Central Library, University of Rajshahi Central Library, University of Rajshahi Reading Room 19/02/2011 dhaka, paragon Enterprice ltd. 500.00   361.30954 SUF 2001 28/12/2016 C-1 Books  
  Dewey Decimal Classification     Non-fiction Central Library, University of Rajshahi Central Library, University of Rajshahi   19/07/2018 Dhaka : Paragon Interprisees 948.00 6 361.30954 SUF 2001 05/02/2025 C-2 Books 21/01/2025